Identidade feminina /
Na minha lista:
| Autores principales: | , |
|---|---|
| Outros Autores: | |
| Formato: | Desconhecido |
| Idioma: | Portuguese |
| Publicado em: |
Petrópolis :
Vozes,
c1985.
|
| Assuntos: | |
| Tags: |
Adicionar Tag
Sem tags, seja o primeiro a adicionar uma tag!
|
MARC
| LEADER | 000000000a22000000004500 | ||
|---|---|---|---|
| 001 | 004237 | ||
| 041 | 0 | |a por | |
| 082 | 0 | 4 | |a 155.633 |b S438i |
| 100 | 1 | |a Seabra, Zelita | |
| 100 | 1 | |a Muszkat, Malvina | |
| 245 | 1 | 0 | |a Identidade feminina / |c Malvina Muszkat ; Rose Marie Muraro, prefacio. |
| 260 | 1 | |a Petrópolis : |b Vozes, |c c1985. | |
| 300 | |a 79 páginas | ||
| 500 | |a Colección George Yúdice | ||
| 650 | 4 | |a MUJERES | |
| 650 | 4 | |a PSICOLOGIA | |
| 650 | 4 | |a IDENTIDAD | |
| 650 | 4 | |a IDENTIDAD (PSICOLOGIA) | |
| 700 | 1 | |a Muraro, Rose Marie, |e prefacio | |
| 999 | |c 10488 |d 10488 | ||
| 942 | |c BK |h 155.633 S438i |2 z | ||
